00978nam a22001937a 4500003000900000008004100009040007100050082004500121110005500166245006800221260004200289300002800331440006200359505026200421650002100683650001200704650001300716710005500729AR-CdUCM190425b ||||| |||| 00| 0 spa d aMUNICIPALIDAD PROVINCIAL DEL CUSCOcBIBLIOTECA MUNICIPAL DEL CUSCO aRev.Univ/N°29/1919bRev.Univ/N°29/1919 aUniversidad Nacional de San Antonio Abad del Cusco aRevista Universitaria :bÓrgano de la Universidad del Cuzco / aCusco :bEl Trabajo,csetiembre,1919. a52 páginas. :c20 cm. aRevista UniversitarianAño VIII, jsetiembre 1919, N°29 aContenido: Discurso académico, pronunciado por Fortunato L. Herrera en la apertura de la Universidad de 1919. -- Organización de las escuelas Rurales. Bravo Mejia. -- Los Varayocc. Pastor Ordoñez. -- La crisis universitaria. Luis Bustamante i Rivero.  aEscuelas rurales aVarayoq aSiglo XX aUniversidad Nacional de San Antonio Abad del Cusco